The analysis of organizations /

Bibliographic Details
Main Author: Litterer, Joseph August, 1926-
Format: Book
Language:English
Published: New York : Wiley, [1973]
Edition:2d ed.
Series:Wiley series in management and administration.
Subjects:

MARC

Tag First Indicator Second Indicator Subfields
LEADER 00000pam a2200000 4500
001 in00000483821
005 20151013051834.0
008 720911s1973 nyua b 00010 eng
010 |a  72008586  
020 |a 0471541060 
035 |a (OCoLC)00427507 
035 |9 ACB2826AM 
040 |a DLC  |c DLC  |d TXA  |d UtOrBLW 
049 |a TXAM  |c [1104432] 
050 0 0 |a HD31  |b .L485 1973 
082 0 |a 658.4 
100 1 |a Litterer, Joseph August,  |d 1926- 
245 1 4 |a The analysis of organizations /  |c [by] Joseph A. Litterer. 
250 |a 2d ed. 
264 1 |a New York :  |b Wiley,  |c [1973] 
300 |a x, 757 pages :  |b illustrations ;  |c 23 cm. 
336 |a text  |b txt  |2 rdacontent 
337 |a unmediated  |b n  |2 rdamedia 
338 |a volume  |b nc  |2 rdacarrier 
490 1 |a The Wiley series in management and administration 
504 |a Includes bibliographies. 
650 0 |a Organization. 
650 0 |a Management. 
830 0 |a Wiley series in management and administration. 
999 |a MARS 
999 f f |s d7c27f97-6fae-363d-9ecc-a5d8cb7154f2  |i ac16d467-8bfd-3f55-bffd-8ee1936bd1e4  |t 0 
952 f f |p ric  |a Texas A&M University  |b Rellis Campus  |c Joint Library Facility  |d Remote Storage  |t 0  |e HD31 .L485 1973  |h Library of Congress classification  |i unmediated -- volume  |m A14802618466 
998 f f |a HD31 .L485 1973  |t 0  |l Remote Storage